000 00561nam a2200205 i 4500
001 bgj
100 1 _aSEIFERT, Kelvin
245 1 0 _aEducational psychology /
_cKelvin Seifert.
260 _aBoston :
_bHoughton Mifflin Company,
_cc. 1983.
300 _aXI, 453 pp :
_bill. (some col.) ;
_c23 cm.
504 _aBibliography p. 435-444.
505 _aIncludes index.
650 9 _aEducational psychology
020 _a0395327903
040 _cBPK
041 k _aeng
920 _a0-395-32790-3
942 _cKS
008 s uk f |000 0 eng
999 _c47348
_d47348
856 _uhttp://koha.tu.koszalin.pl/cgi-bin/koha/opac-detail.pl?biblionumber=47348
_yKatalog online BPK